000 00328nam a22001457a 4500
003 CEME
005 20210628205126.0
008 210226b xxu||||| |||| 00| 0 eng d
040 _c.
082 _a330 ECO'N
245 _aEconomic analysis handbook
260 _aUSA
_bUS NAVY
_c1980
300 _aVIII, V.P
942 _cBK
_2ddc
999 _c579643
_d579643